LDR 00819naa#a2200169#i#450# 001 RU\\bibl\126248 005 20260704072140.6 011 ## _a2658-3488 100 ## _a20260630b2026####ek#y0rusy0150####ca 102 ## _aRU 200 1# _aМАТЕМАТИЧЕСКОЕ МОДЕЛИРОВАНИЕ ПОКАЗАТЕЛЕЙ КАЧЕСТВА ЖИЗНИ В РЕГИОНЕ _eЖурнальная статья 210 1# _aБрянск _cБрянский государственный технический университет _d2026 215 ## _a8 с. 608 ## _aЖурнальная статья _2local 675 ## _aИсследование поведения объекта на основе его математической модели. 004.942 _z 700 #1 _aЯндыбаева _gНаталья Валентиновна 856 4# _azh-szf.ru _u